Modelovanie dávkovej záťaže v obslužných priestoroch JE
Saved in:
| Main Author: | |
|---|---|
| Other Authors: | |
| Format: | Manuscript Book |
| Language: | Slovak |
| Published: |
2016
|
| Subjects: | |
| Online Access: | http://is.stuba.sk/zp/portal_zp.pl?podrobnosti=133479 |
| Tags: |
No Tags, Be the first to tag this record!
|
MARC
| LEADER | 00000ntm a22000003a 4500 | ||
|---|---|---|---|
| 001 | stuzp57814 | ||
| 003 | SK-STU | ||
| 005 | 20160719155353.7 | ||
| 007 | ta | ||
| 008 | 150427s2015----xo-----f-mn---000-0-slo-d | ||
| 040 | |a STU |b slo | ||
| 041 | 0 | |a slo | |
| 100 | 1 | |a Bačík, Kristián |u 020060 |k Z4 |4 aut |U SjF Strojnícka fakulta |T SjF Ústav energetických strojov a zariadení |X 8169 |U J0060 |Y 805 |7 A000008169 | |
| 242 | 0 | 1 | |a Modelling of the dose load in the service areas of NPP |y eng |
| 245 | 1 | 0 | |a Modelovanie dávkovej záťaže v obslužných priestoroch JE |
| 260 | |c 2016 | ||
| 650 | 4 | |a rádionuklid |2 slo | |
| 650 | 4 | |a jadrová elektráreň |2 slo | |
| 650 | 4 | |a príkon efektívneho dávkového ekvivalentu |2 slo | |
| 650 | 4 | |a ventilácia |2 slo | |
| 650 | 4 | |a havária |2 slo | |
| 650 | 4 | |a efektívny dávkový ekvivalent |2 slo | |
| 650 | 4 | |a ventilation |2 eng | |
| 650 | 4 | |a nuclear power plant |2 eng | |
| 650 | 4 | |a radionuclide |2 eng | |
| 650 | 4 | |a effective dose ekvivalent rate |2 eng | |
| 650 | 4 | |a effective dose equivalent |2 eng | |
| 650 | 4 | |a accident |2 eng | |
| 700 | 1 | |a Urban, František |u 020060 |k Z1 |4 ths |U SjF Strojnícka fakulta |T SjF Ústav energetických strojov a zariadení |X 2435 |U J0060 |Y 805 |7 A000002435 | |
| 856 | 4 | |u http://is.stuba.sk/zp/portal_zp.pl?podrobnosti=133479 | |
| 996 | |b 284J043915 |c J* 2205/DP |l JJSK |s A |a 24 |w stuzp57814_0001 | ||
| SQL | |a stuzp57814 |b DDP |c SLO |d Modelovanie dávkovej záťaže v obslužných priestoroch JE |e 8169 |f Bačík, Kristián |g 020060 |h 2435 |i Urban, František |j 20160615 |k 1306 |l 02 |m http://is.stuba.sk/zp/portal_zp.pl?podrobnosti=133479 |n I-ESZ |o 5.2.6. energetické stroje a zariadenia | ||